000
00273nam a2200109Ia 4500
008
200302s9999 xx 000 0 und d
100
_a
Anne Dye & Mike Mcevoy
245
_a
Envirnmental Construction Handbook
260
_b
Riba Publishing
260
_c
2008
300
_a
322 P.,
999
_c
5776
_d
5776